header

Women's health and the world's cities (Record no. 43928)

MARC details
000 -LEADER
fixed length control field 01860nam a2200445 a 4500
082 04 - DEWEY DECIMAL CLASSIFICATION NUMBER
Classification number 362.1082
245 00 - TITLE STATEMENT
Title Women's health and the world's cities
250 ## - EDITION STATEMENT
Edition statement 1st ed.
260 ## - PUBLICATION, DISTRIBUTION, ETC. (IMPRINT)
Place of publication Philadelphia :
Name of publisher University of Pennsylvania Press,
Year of publication c2011.
300 ## - PHYSICAL DESCRIPTION
Number of Pages xiii, 332 p. :
Other physical details ill.
490 1# - SERIES STATEMENT
Series statement The city in the twenty-first century
505 0# - FORMATTED CONTENTS NOTE
Formatted contents note pt. I. Women's health in urban areas -- pt. II. Urbanization, space, and geography -- pt. III. Models of excellence.
650 #0 - SUBJECT ADDED ENTRY--TOPICAL TERM
Topical Term Urban women
Topical Term Urban women
Topical Term Urban health.
Topical Term Women's health services.
Topical Term Urbanization
Topical Term Urbanization
700 1# - ADDED ENTRY--PERSONAL NAME
Personal name Meleis, Afaf Ibrahim.
Personal name Birch, Eugenie Ladner.
Personal name Wachter, Susan M.
856 40 - ELECTRONIC LOCATION AND ACCESS
Uniform Resource Identifier http://site.ebrary.com/lib/rucke/Doc?id=10642711

No items available.

© 2026 Rongo University
Contact us: librarian | system librarian | Rongo university